| 000 | 00472nam a2200157 a 4500 | ||
|---|---|---|---|
| 001 | 000032340 | ||
| 005 | 20220908124144.0 | ||
| 008 | 110714s19uu dr c 000 0 spa d | ||
| 040 |
_aDO-SdBNP _bspa _cBNPHU |
||
| 082 |
_axxx _bM516i |
||
| 100 |
_aMejía, Francisco R _914832 |
||
| 245 | 1 | 0 |
_aIdilios y paisajes / _cFrancisco R. Mejía. |
| 260 |
_aCuidad Trujillo, República Dominicana : _bImprenta Femina, _c[s.f.]. |
||
| 300 |
_a116 p. : _bretr. ; _c16 cm. |
||
| 049 | _aBNPD | ||
| 999 |
_c31831 _d31831 |
||